000 00205 a2200097 4500
001 43465
100 _aShakspeare
245 _aHamlet:
260 _aLondon
_bEdward Arnold & Co.
_c
090 _c27287
_d27287
942 _aNUST-CAE
_cM
_c19210
999 _c278538
_d278538